|
|
|
|
| LEADER |
00000nab a2200000 a 4500 |
| 001 |
vtls000307455 |
| 003 |
SK-MaSNL |
| 005 |
20260304213139.0 |
| 008 |
230217c1988 xo 0 slo |
| 015 |
|
|
|a SNBRB19rr/mm-uuuuu
|
| 035 |
|
|
|a CL0317574
|
| 035 |
|
|
|a urn:nbn:sk:snk-abbhst
|
| 035 |
|
|
|a (urnnbn)urn:nbn:sk:snk:ar-000qhv
|
| 035 |
|
|
|a (uuid)501e51d4-4e11-40f3-adf5-315401e81554
|
| 040 |
|
|
|a SNKBUCL
|b slo
|c SNKBUCL
|e AACR2
|
| 041 |
0 |
|
|a slo
|
| 044 |
|
|
|a xo
|c SK
|
| 080 |
|
|
|a 027.5(437.6)
|2 1981
|
| 080 |
|
|
|a 024
|2 1981
|
| 100 |
1 |
|
|a Veľasová, Elena,
|d 1940-
|4 aut
|9 37571
|
| 245 |
1 |
0 |
|a Služby čitateľom v Bratislave
|c Elena Veľasová
|
| 650 |
0 |
7 |
|a ľudové knižnice
|2 snkbucl
|9 256791
|
| 650 |
0 |
7 |
|a knižničné služby
|2 snkbucl
|9 64475
|
| 655 |
|
7 |
|a články z novín a časopisov
|2 snkbucl
|9 267496
|
| 655 |
|
7 |
|a články z odboru knihovníctvo
|2 snkbucl
|9 166141
|
| 773 |
0 |
|
|t Čitateľ
|g Roč. 37, č. 3 (1988), s. 109-111
|
| 850 |
|
|
|a Slovenská národná knižnica v Martine
|a MTA001
|
| 852 |
|
|
|a SNK
|b KIS3GCP
|
| 954 |
|
|
|a odborná, vedecká literatúra pôvodná (slovenská)
|2 lita
|
| 957 |
|
|
|a 5100
|
| 958 |
|
|
|a RK
|
| 958 |
|
|
|a KL
|
| 958 |
|
|
|a OND
|
| 958 |
|
|
|a EUIPO
|
| 958 |
|
|
|a article15
|
| 992 |
|
|
|a RBX
|
| 999 |
|
|
|c 3134667
|d 3136597
|